Green paper on the urban environment

Αποθηκεύτηκε σε:
Λεπτομέρειες βιβλιογραφικής εγγραφής
Συγγραφή απο Οργανισμό/Αρχή: Commission of the European Communities
Μορφή: Βιβλίο
Γλώσσα:English
Δημοσίευση: Brussels : Commission of the European communities, c1990.
Θέματα:
Ετικέτες: Προσθήκη ετικέτας
Δεν υπάρχουν, Καταχωρήστε ετικέτα πρώτοι!

MARC

LEADER 00000cam a2200000 i 4500
001 1/16962
008 980827s1990 be | ||| |||| ||eng||
020 |a 9282616606 
035 |l 10020386 
040 |a GR-MyUa  |b gre  |e AACR2 
041 0 |a eng 
082 7 |a 301.3108   |2 (22) 
110 2 |a Commission of the European Communities. 
245 1 0 |a Green paper on the urban environment /   |c Commission of the European Communities. 
260 |a Brussels :   |b Commission of the European communities,   |c c1990. 
300 |a 82 σ. :   |b πιν. ;   |c 30 εκ. 
650 0 |a Urbanization  |x Environmental aspects. 
650 0 |a Urban ecology (Sociology) 
650 0 |a Urban ecology (Sociology)  |z Europe. 
650 0 |a Urban policy  |z European Economic Community countries. 
650 0 |a Environmental policy  |z European Economic Community countries. 
650 0 |a Urban ecology. 
650 0 |a Human ecology. 
852 |a INST  |b LESVOS  |e 19980827  |h 301.3108 COM  |p 005100022866  |q 005100022866  |t BK  |y 0 
901 |a BIBL1-1999-3 
922 |a 1ΕΛΗ  |b 199808  |c ΚΠΣ/ΤΠ  |d Παπασωτηρίου 
950 |a 107-1998-05-21 
970 |z 2000/06/ΟΙΚΟΝΟΜΟΠΟΥΛΟΥ ΧΡΙΣΤΙΝΑ 
970 |a Τζαφέρη  |b Ευαγγελία  |z 10/11/1999